000 00652nam a2200253Ia 4500
003 OSt
005 20221007111317.0
006 a|||||r|||| 00| 0
007 ta
008 221006b |||||||| |||| 00| 0 hin d
024 _a23,197
037 _cTextual
040 _aLCO
_cLCO
_bhin
041 _2hin
_ahin
082 _aX8(A):Z, N9
100 _aMishr Surya Narayan
245 0 _aShram ave Audhogik Vidhi
250 _a13th
260 _aAllahabad
_bAllahabad Law Agency Publications India
_c1999
300 _a554
650 _aLABOUR
942 _hX8(A):Z, N9
_cTEXL
999 _c1192760
_d1192760